[Event "4NCL Online Division 5"]
[Site "online"]
[Date "2021.09.21"]
[EventDate "2021.09.21"]
[Round "3.44"]
[White "Gouveia Wasques, Danilo"]
[WhiteElo "1705"]
[WhiteTeam "Jurassic Coast A"]
[Black "Renshaw, Ian"]
[BlackElo "1442"]
[BlackTeam "Breage Bruisers"]
[Result "1-0"]
[PlyCount "81"]

1. e4 e5 2. Nf3 Nc6 3. Bc4 Bc5 4. c3 d6 5. d4 exd4 6. cxd4 Bb4+ 7. Nc3 Nf6 8. a3 Bxc3+ 9. bxc3 O-O 10. Bg5 h6 11. Bh4 Bg4 12. h3 Bh5 13. Qd3 Bg6 14. O-O Bxe4 15. Qe3 d5 16. Bd3 Qd6 17. Bg3 Qd7 18. Ne5 Qe6 19. Rfe1 Nxe5 20. Bxe5 c6 21. Bxe4 Nxe4 22. f3 Nd6 23. Qf4 g5 24. Qh2 Nf5 25. g4 Nh4 26. Qf2 Qg6 27. f4 Qd3 28. Re3 Qh7 29. f5 f6 30. Bd6 Rfe8 31. Rae1 Qd7 32. Be7 Kf7 33. Bc5 Rxe3 34. Rxe3 Re8 35. Rxe8 Qxe8 36. Qg3 Qd7 37. Qb8 Qe8 38. Qc7+ Kg8 39. Be7 Qa8 40. Bxf6 Qe8 41. Qg7# 1-0

[Event "4NCL Online Division 5"]
[Site "online"]
[Date "2021.09.21"]
[EventDate "2021.09.21"]
[Round "3.51"]
[White "Taylor, Robert K"]
[WhiteElo "1973"]
[WhiteTeam "Sheffield Uni '70s graduates"]
[Black "Shepley, Julien M"]
[BlackElo "1912"]
[BlackTeam "Guildford Castles 2"]
[Result "1/2-1/2"]
[PlyCount "66"]

1. e4 d5 2. exd5 Qxd5 3. Nc3 Qd6 4. d4 Nf6 5. Nf3 c6 6. Ne5 Nbd7 7. Nc4 Qc7 8. Qf3 Nb6 9. Bf4 Qd7 10. O-O-O Nxc4 11. Bxc4 Qg4 12. d5 Qxf3 13. gxf3 Bd7 14. dxc6 bxc6 15. Ba6 Bc8 16. Bxc8 Rxc8 17. Rd4 e6 18. Rc4 Be7 19. Nb5 Nd5 20. Nxa7 Ra8 21. Nxc6 Nxf4 22. Nxe7 Kxe7 23. Rxf4 Rxa2 24. Kd2 Rxb2 25. Rc4 Rd8+ 26. Kc3 Rb7 27. Rg1 g6 28. Re1 Rd5 29. Ree4 Rf5 30. Rf4 Re5 31. Rfe4 Rf5 32. Rf4 Re5 33. Rfe4 Rf5 1/2-1/2

[Event "4NCL Online Division 5"]
[Site "online"]
[Date "2021.09.21"]
[EventDate "2021.09.21"]
[Round "3.52"]
[White "Tzanidakis, Michail"]
[WhiteElo "1734"]
[WhiteTeam "Guildford Castles 2"]
[Black "Beckett, Phill"]
[BlackElo "1826"]
[BlackTeam "Sheffield Uni '70s graduates"]
[Result "0-1"]
[PlyCount "150"]

1. e4 e5 2. Nf3 Nc6 3. Nc3 Nf6 4. g3 d5 5. exd5 Nxd5 6. d3 Bb4 7. Bd2 O-O 8. Bg2 Nxc3 9. bxc3 Bc5 10. h3 Bf5 11. O-O Qd7 12. Kh2 f6 13. Be3 Bxe3 14. fxe3 Be6 15. a3 Rfe8 16. Ng1 Rad8 17. c4 f5 18. Qe2 Qd6 19. Rfb1 b6 20. Qf3 Na5 21. Rd1 c5 22. Ne2 Bc8 23. Qd5+ Be6 24. Qxd6 Rxd6 25. Nc3 e4 26. Bf1 Red8 27. Be2 Nc6 28. Nb5 R6d7 29. dxe4 Rd2 30. Nc3 Bxc4 31. Rxd2 Rxd2 32. Re1 Rxc2 33. Kg1 Rxc3 34. Bxc4+ Rxc4 35. exf5 Rc3 36. Kf2 Rxa3 37. e4 Ne5 38. Rd1 Rd3 39. Ra1 a5 40. Rb1 Nc4 41. h4 Re3 42. Rxb6 Nxb6 43. Kxe3 a4 44. Kd3 c4+ 45. Kc2 a3 46. g4 Na4 47. Kb1 Nc3+ 48. Ka1 Nxe4 49. Ka2 Kf7 50. Kxa3 Kf6 51. Kb4 Nf2 52. g5+ Kxf5 53. Kxc4 Kg4 54. Kd4 Kxh4 55. g6 hxg6 56. Ke3 Ng4+ 57. Kf3 g5 58. Kg2 Nh6 59. Kh2 g4 60. Kg2 g3 61. Kg1 Kh3 62. Kh1 Nf5 63. Kg1 Nd4 64. Kh1 g2+ 65. Kg1 Nf3+ 66. Kf2 Kh2 67. Ke2 g1=Q 68. Kd3 Qg4 69. Ke2 Nd4+ 70. Kd2 Qf3 71. Kc1 Qe2 72. Kb1 g5 73. Ka1 g4 74. Kb1 g3 75. Ka1 g2 0-1

[Event "4NCL Online Division 5"]
[Site "online"]
[Date "2021.09.21"]
[EventDate "2021.09.21"]
[Round "3.53"]
[White "Hughes, Richard"]
[WhiteElo "1866"]
[WhiteTeam "Sheffield Uni '70s graduates"]
[Black "Armiger, Paul D"]
[BlackElo "1750"]
[BlackTeam "Guildford Castles 2"]
[Result "1-0"]
[PlyCount "117"]

1. d4 d5 2. c4 dxc4 3. Nf3 e6 4. Nc3 Nf6 5. e3 a6 6. Bxc4 b5 7. Bd3 Bb7 8. O-O Be7 9. a3 Nbd7 10. Qe2 O-O 11. e4 c5 12. dxc5 Nxc5 13. Bc2 Qc7 14. Bg5 h6 15. Bh4 Rad8 16. Rfd1 Nh7 17. Bxe7 Qxe7 18. b4 Nd7 19. Rd2 Nb6 20. Bb3 Qc7 21. Rc2 Qf4 22. Re1 Nf6 23. Qe3 Qxe3 24. Rxe3 Rd7 25. Ne5 Rdd8 26. f3 Nfd7 27. Nd3 Nb8 28. Nc5 Bc8 29. Kf2 Nc6 30. Ne2 Ne5 31. Ba2 Nec4 32. Rec3 Rd6 33. a4 Ne5 34. a5 Nbc4 35. f4 Ng4+ 36. Kg3 Nge3 37. e5 Rdd8 38. Rc1 Rd2 39. Bxc4 Nxc4 40. Kf3 Rfd8 41. R1c2 Rxc2 42. Rxc2 Bd7 43. Nxa6 Bc6+ 44. Kg3 Be4 45. Ra2 Bd5 46. Nc7 Be4 47. a6 Nb6 48. Nxb5 Bd3 49. Nd6 Bc4 50. Nxc4 Nxc4 51. a7 Nb6 52. Ra6 Na8 53. b5 Rd3+ 54. Kf2 Rb3 55. Rc6 Rxb5 56. Rc8+ Kh7 57. Rxa8 Ra5 58. Nd4 Ra2+ 59. Ke3 1-0

[Event "4NCL Online Division 5"]
[Site "online"]
[Date "2021.09.21"]
[EventDate "2021.09.21"]
[Round "3.54"]
[White "Celebi, Serhan"]
[WhiteElo "1553"]
[WhiteTeam "Guildford Castles 2"]
[Black "Grobler, David"]
[BlackElo "1664"]
[BlackTeam "Sheffield Uni '70s graduates"]
[Result "1-0"]
[PlyCount "93"]

1. e4 c5 2. Nf3 Nc6 3. d4 cxd4 4. Nxd4 Nf6 5. f3 d6 6. c4 Qb6 7. Nc2 g6 8. Nc3 Bg7 9. Rb1 O-O 10. Be3 Qc7 11. Be2 Bd7 12. O-O b6 13. Qd2 a5 14. b3 Ne5 15. Nd4 Rfc8 16. Rfc1 Qb7 17. Nd5 Nxd5 18. cxd5 Rxc1+ 19. Rxc1 Rc8 20. h3 Rxc1+ 21. Qxc1 Qc8 22. Qxc8+ Bxc8 23. f4 Nd7 24. Nc6 Kf8 25. Kf2 Nc5 26. Kf3 f5 27. e5 Bb7 28. exd6 exd6 29. Bxc5 dxc5 30. Ke3 h5 31. Bf3 Bxc6 32. dxc6 Ke7 33. Bd5 h4 34. Bf7 Kd6 35. Bxg6 Kxc6 36. Bxf5 b5 37. Bd3 a4 38. Ke4 axb3 39. axb3 Bf6 40. Kf5 Bd8 41. Ke6 b4 42. f5 Bc7 43. f6 Bd6 44. Bc4 Bf8 45. Kf7 Bh6 46. Kg6 Bf8 47. Kh5 1-0

[Event "4NCL Online Division 5"]
[Site "online"]
[Date "2021.09.21"]
[EventDate "2021.09.21"]
[Round "3.61"]
[White "Moore, Gillian A"]
[WhiteElo "1707"]
[WhiteTeam "Wessex Some Stars F"]
[Black "Pereira, Nolan"]
[BlackElo "1906"]
[BlackTeam "Colchester JFF A"]
[Result "0-1"]
[PlyCount "144"]

1. d4 Nf6 2. Nc3 e6 3. e4 d5 4. e5 Nfd7 5. Bf4 c5 6. Nf3 Nc6 7. Bb5 Nxd4 8. Bxd7+ Bxd7 9. Nxd4 cxd4 10. Qxd4 Rc8 11. O-O Bc5 12. Qd2 O-O 13. Be3 Qb6 14. Bxc5 Rxc5 15. Nd1 Rfc8 16. c3 Qc7 17. Re1 Rc4 18. b3 Re4 19. Rxe4 dxe4 20. c4 Rd8 21. Qg5 Bc6 22. Ne3 h6 23. Qg3 a5 24. h3 a4 25. Rd1 Rd3 26. b4 Qd7 27. Qg4 b5 28. c5 a3 29. Qe2 Qd4 30. g3 Rxd1+ 31. Qxd1 Qb2 32. Qb3 Qxb3 33. axb3 Bd5 34. Nc2 a2 35. Na1 Kf8 36. Kf1 Ke7 37. Ke1 f6 38. Kd2 fxe5 39. Kc2 Kf6 40. Kb2 Kf5 41. Kxa2 e3 42. fxe3 Ke4 43. Nc2 Kf3 44. Na3 Bc6 45. Nc2 Kxg3 46. Kb2 Kxh3 47. Kc3 g5 48. Kd3 g4 49. Ke2 g3 50. Ne1 g2 51. Kf2 Kh2 52. Nxg2 Bxg2 53. Ke2 Kg3 54. Kd3 h5 55. e4 h4 56. c6 h3 57. c7 h2 58. c8=Q Bxe4+ 59. Ke3 h1=Q 60. Qg8+ Kh2 61. Qh8+ Kg1 62. Qxh1+ Bxh1 63. Ke2 Bd5 64. Ke3 Bxb3 65. Ke4 Kf2 66. Kxe5 Ke2 67. Kd4 Bc4 68. Ke4 Kd2 69. Kd4 Kc2 70. Kc5 Kb3 71. Kd6 Kxb4 72. Ke5 Kc3 0-1

[Event "4NCL Online Division 5"]
[Site "online"]
[Date "2021.09.21"]
[EventDate "2021.09.21"]
[Round "3.62"]
[White "Rida, Ruqayyah"]
[WhiteElo "1655"]
[WhiteTeam "Colchester JFF A"]
[Black "Doyle, Jamie"]
[BlackElo "1684"]
[BlackTeam "Wessex Some Stars F"]
[Result "0-1"]
[PlyCount "62"]

1. e4 e5 2. Nf3 Nc6 3. Bc4 Bc5 4. c3 Nf6 5. d3 O-O 6. O-O d6 7. h3 h6 8. Re1 Be6 9. Bb5 Ne7 10. d4 exd4 11. cxd4 Bb4 12. Bd2 Bxd2 13. Nbxd2 c6 14. Bd3 Qd7 15. Nf1 Nh5 16. Ng3 Nf4 17. Bf1 Neg6 18. Ne2 Rae8 19. Nxf4 Nxf4 20. Qd2 g5 21. h4 f6 22. b3 Bg4 23. Qe3 Kh8 24. Kh2 Rg8 25. g3 Nd5 26. Qd3 Nb4 27. Qc3 Bxf3 28. Qxf3 Nc2 29. Qxf6+ Kh7 30. Bd3 Nxe1 31. e5+ Nxd3 0-1

[Event "4NCL Online Division 5"]
[Site "online"]
[Date "2021.09.21"]
[EventDate "2021.09.21"]
[Round "3.63"]
[White "Blanden, Edward"]
[WhiteElo "1657"]
[WhiteTeam "Wessex Some Stars F"]
[Black "Kanellopoulos, Nikolas"]
[BlackElo "1478"]
[BlackTeam "Colchester JFF A"]
[Result "1-0"]
[PlyCount "57"]

1. c4 e5 2. g3 Nf6 3. Bg2 Bc5 4. Nc3 O-O 5. e3 Nc6 6. Nge2 d5 7. Nxd5 Nxd5 8. cxd5 Nb4 9. Qb3 Re8 10. a3 Na6 11. O-O e4 12. d3 exd3 13. Qxd3 Qf6 14. Nc3 Bf5 15. e4 Bg6 16. Bf4 Bd6 17. Bxd6 Qxd6 18. b4 c5 19. b5 Nc7 20. f4 Qb6 21. Kh1 h6 22. a4 a5 23. Qc4 Rad8 24. Rad1 Bh5 25. Rde1 Re7 26. e5 Red7 27. f5 Bg4 28. d6 Ne8 29. Qxg4 1-0

[Event "4NCL Online Division 5"]
[Site "online"]
[Date "2021.09.21"]
[EventDate "2021.09.21"]
[Round "3.64"]
[White "Chung, Vince"]
[WhiteElo "1462"]
[WhiteTeam "Colchester JFF A"]
[Black "Hillman, Graham"]
[BlackElo "1631"]
[BlackTeam "Wessex Some Stars F"]
[Result "0-1"]
[PlyCount "32"]

1. e4 d5 2. exd5 Nf6 3. c4 c6 4. Nc3 cxd5 5. cxd5 Nxd5 6. Nxd5 Qxd5 7. Qc2 Nc6 8. Nf3 Bf5 9. d3 Rc8 10. Be2 Ne5 11. Qxc8+ Bxc8 12. Nxe5 Qxe5 13. Rb1 Bf5 14. Be3 e6 15. O-O Bd6 16. Bf3 Qxh2# 0-1

[Event "4NCL Online Division 5"]
[Site "online"]
[Date "2021.09.21"]
[EventDate "2021.09.21"]
[Round "3.71"]
[White "Kenning, Paul H"]
[WhiteElo "1824"]
[WhiteTeam "Anglian Avengers 3"]
[Black "Morris, David"]
[BlackElo "1930"]
[BlackTeam "Charlton Cobras B"]
[Result "0-1"]
[PlyCount "138"]

1. e4 c5 2. Nf3 Nc6 3. Bb5 Nd4 4. Nxd4 cxd4 5. O-O a6 6. Bc4 e6 7. d3 b5 8. Bb3 Bb7 9. f4 d5 10. e5 Ne7 11. Nd2 h5 12. Nf3 Nf5 13. Qe2 Qb6 14. a4 b4 15. a5 Qc5 16. Bd2 Bc6 17. Qe1 Rb8 18. Qf2 Be7 19. Rfe1 g6 20. Kh1 h4 21. Kg1 Kd7 22. Ng5 Bxg5 23. fxg5 Rb5 24. Re2 Rxa5 25. Qe1 Rxa1 26. Qxa1 a5 27. Ba4 Rc8 28. Bb3 Ra8 29. Ba4 Bb5 30. Be1 Qc6 31. Bxb5 Qxb5 32. b3 a4 33. bxa4 Rxa4 34. Qb2 Qc5 35. Qb3 Ra1 36. Kf2 Ne3 37. g3 hxg3+ 38. Kxg3 Qe7 39. h4 Nf5+ 40. Kh3 Ra3 41. Bxb4 Rxb3 42. Bxe7 Rb1 43. Bc5 Rh1+ 44. Rh2 Rg1 45. Rg2 Rxg2 46. Kxg2 Ne3+ 47. Kf2 Nxc2 48. Ke2 Kc6 49. Ba7 Ne3 50. Bxd4 Nf5 51. Bf2 d4 52. Kf3 Kd5 53. Kf4 Ne7 54. Kf3 Kxe5 55. Bg3+ Kd5 56. Kf4 Nc6 57. Kf3 e5 58. Bf2 Nb4 59. Ke2 e4 60. dxe4+ Kxe4 61. Kd2 Nc6 62. Bg3 Ne7 63. Bf2 Nf5 64. Ke2 d3+ 65. Kd2 Nd6 66. Kc3 Nc4 67. Be1 Ne5 68. Bf2 Kf3 69. Bd4 Ke2 0-1

[Event "4NCL Online Division 5"]
[Site "online"]
[Date "2021.09.21"]
[EventDate "2021.09.21"]
[Round "3.73"]
[White "Paez, Alonso"]
[WhiteElo "1599"]
[WhiteTeam "Anglian Avengers 3"]
[Black "Jones, Humphrey C N"]
[BlackElo "1615"]
[BlackTeam "Charlton Cobras B"]
[Result "0-1"]
[PlyCount "142"]

1. f4 d5 2. Nf3 g6 3. e3 Bg7 4. Be2 Nf6 5. h3 O-O 6. d3 c5 7. Nbd2 Nc6 8. a3 Re8 9. g4 e5 10. fxe5 Nxe5 11. O-O Qc7 12. Kg2 Bxg4 13. Nxe5 Bxe2 14. Qxe2 Qxe5 15. Nf3 Qh5 16. Bd2 d4 17. e4 h6 18. Rf2 Nh7 19. Nh2 Qxe2 20. Rxe2 f5 21. Rae1 fxe4 22. Rxe4 Nf6 23. Rxe8+ Rxe8 24. Rxe8+ Nxe8 25. Ng4 Kh7 26. Bf4 g5 27. Bb8 a6 28. Ba7 Bf8 29. Ne5 Nf6 30. Kf3 Kg7 31. c4 dxc3 32. bxc3 Bd6 33. Nc4 Bc7 34. Ne3 b6 35. c4 Kf7 36. Nd5 Nxd5 37. cxd5 Ke7 38. Ke4 Kd7 39. d4 c4 40. a4 h5 41. Kf5 g4 42. hxg4 hxg4 43. Kxg4 Kd6 44. Kf4 Kxd5+ 45. Ke3 Kc6 46. a5 b5 47. Ke4 Bxa5 48. d5+ Kd6 49. Kd4 Bd8 50. Bc5+ Kd7 51. Kc3 Be7 52. Bd4 Kd6 53. Kb2 Kxd5 54. Bc3 Bc5 55. Ba5 Ke4 56. Kc3 Bd4+ 57. Kc2 Bf6 58. Bb4 Kf3 59. Ba5 Ke2 60. Bb4 Bh4 61. Ba5 Be1 62. Bd8 a5 63. Bb6 Bb4 64. Bd4 a4 65. Be5 a3 66. Bd4 Be1 67. Bc5 b4 68. Bd4 b3+ 69. Kc1 c3 70. Kb1 c2+ 71. Kc1 Bd2# 0-1

[Event "4NCL Online Division 5"]
[Site "online"]
[Date "2021.09.21"]
[EventDate "2021.09.21"]
[Round "3.74"]
[White "Sobrinho, Miguel"]
[WhiteElo "1450"]
[WhiteTeam "Charlton Cobras B"]
[Black "Wells, Heather Enid"]
[BlackElo "1239"]
[BlackTeam "Anglian Avengers 3"]
[Result "0-1"]
[PlyCount "106"]

1. e4 c5 2. c3 Nc6 3. d4 cxd4 4. cxd4 e6 5. Nc3 a6 6. Nf3 Bb4 7. Bd3 Nf6 8. Bg5 h6 9. Bh4 Be7 10. Bg3 O-O 11. a3 Nh5 12. Qc2 Nxg3 13. hxg3 d6 14. e5 g6 15. Bxg6 Kg7 16. Bd3 Rh8 17. O-O-O dxe5 18. dxe5 b5 19. Be4 Qc7 20. Nxb5 axb5 21. Qxc6 Qxc6+ 22. Bxc6 Rb8 23. b4 Ba6 24. Rd7 Bf8 25. Nd4 Kg8 26. Rh4 Bg7 27. Rg4 Kh7 28. Rxf7 Rhg8 29. Be4+ Kh8 30. Nxe6 Bc8 31. Rg6 Bxe6 32. Rxh6+ Bxh6+ 33. f4 Bxf7 34. Kd2 Rxg3 35. Ke2 Bxf4 36. Kf2 Bxe5 37. Bf3 Rc8 38. Ke3 Bb2 39. Kf4 Rg7 40. g4 Rc3 41. Kf5 Rxf3+ 42. Ke4 Rg3 43. Kf5 R3xg4 44. a4 bxa4 45. b5 R4g5+ 46. Kf4 Rxb5 47. Ke4 Rg4+ 48. Kf3 Bh5 49. Ke3 Rb3+ 50. Kf2 Bd4+ 51. Ke1 Rg2 52. Kf1 Bf3 53. Ke1 Rb1# 0-1

[Event "4NCL Online Division 5"]
[Site "online"]
[Date "2021.09.21"]
[EventDate "2021.09.21"]
[Round "3.81"]
[White "Bucher, Goetz"]
[WhiteElo "1969"]
[WhiteTeam "Bearsden Grizzlies"]
[Black "Kucukyildiz, Alp Tugrul"]
[BlackElo "1439"]
[BlackTeam "KCS U13B"]
[Result "0-1"]
[PlyCount "116"]

1. e4 e5 2. f4 d5 3. exd5 exf4 4. Nf3 Nf6 5. Bb5+ Bd7 6. Bc4 Bd6 7. d4 O-O 8. O-O c6 9. Nc3 c5 10. Kh1 Qb6 11. dxc5 Qxc5 12. Qd4 Qxd4 13. Nxd4 Be5 14. Nce2 Rc8 15. Bb3 Rc5 16. Bxf4 Bxd4 17. Nxd4 Nxd5 18. Bd6 Ra5 19. Rae1 Nc6 20. Nxc6 Bxc6 21. Re5 f6 22. Ree1 Kh8 23. c4 Nb6 24. c5 Nd7 25. Bc4 b5 26. Bf7 Ra4 27. Rf2 Rg4 28. h3 Rg5 29. Rfe2 Ne5 30. Bxe5 fxe5 31. Rxe5 Rxg2 32. Re8+ Rxe8 33. Bxe8 Re2+ 34. Bxc6 Rxe1+ 35. Kg2 Re2+ 36. Kf3 Rc2 37. b4 a5 38. a3 axb4 39. axb4 Rc4 40. Bxb5 Rxb4 41. Bd7 Kg8 42. c6 Rb3+ 43. Ke4 Rc3 44. Kd5 Kf7 45. Kd6 Rd3+ 46. Kc7 Ke7 47. Bf5 Rc3 48. Bxh7 Rxh3 49. Bf5 Rb3 50. Bg4 g5 51. Bd7 Rb4 52. Bh3 g4 53. Bg2 g3 54. Bf3 Rb2 55. Be4 g2 56. Bxg2 Rxg2 57. Kb8 Rc2 58. c7 Kd7 0-1

[Event "4NCL Online Division 5"]
[Site "online"]
[Date "2021.09.21"]
[EventDate "2021.09.21"]
[Round "3.82"]
[White "Singh, Hari"]
[WhiteElo "1317"]
[WhiteTeam "KCS U13B"]
[Black "Colston, Rob"]
[BlackElo "1872"]
[BlackTeam "Bearsden Grizzlies"]
[Result "0-1"]
[PlyCount "28"]

1. d4 Nf6 2. Nf3 d5 3. e3 c5 4. c3 Nc6 5. b3 Bf5 6. Nh4 Be4 7. f3 Bxb1 8. Rxb1 e6 9. f4 Ne4 10. Bb2 Qxh4+ 11. Ke2 Qf2+ 12. Kd3 cxd4 13. exd4 Qxf4 14. Kc2 Nf2 0-1

[Event "4NCL Online Division 5"]
[Site "online"]
[Date "2021.09.21"]
[EventDate "2021.09.21"]
[Round "3.83"]
[White "Watt, David A"]
[WhiteElo "1921"]
[WhiteTeam "Bearsden Grizzlies"]
[Black "Gupta, Aarav G"]
[BlackElo "1276"]
[BlackTeam "KCS U13B"]
[Result "1/2-1/2"]
[PlyCount "44"]

1. e4 e5 2. Nf3 Nc6 3. Bb5 Nge7 4. O-O a6 5. Ba4 d6 6. c3 Bg4 7. h3 Bh5 8. d3 h6 9. Be3 d5 10. g4 dxe4 11. dxe4 Qxd1 12. Rxd1 Bg6 13. Nbd2 f6 14. Nh4 Bh7 15. Bb3 g5 16. Nf5 Nxf5 17. exf5 Bg8 18. Bxg8 Rxg8 19. Ne4 Bg7 20. Nc5 b6 21. Ne6 Rc8 22. Rd2 Nd8 1/2-1/2

[Event "4NCL Online Division 5"]
[Site "online"]
[Date "2021.09.21"]
[EventDate "2021.09.21"]
[Round "3.84"]
[White "Shan-Muhammad, Rohan"]
[WhiteElo "1032"]
[WhiteTeam "KCS U13B"]
[Black "Burt, James"]
[BlackElo "1567"]
[BlackTeam "Bearsden Grizzlies"]
[Result "0-1"]
[PlyCount "80"]

1. e4 c5 2. Nf3 e6 3. d3 Nc6 4. Nc3 d5 5. exd5 exd5 6. d4 Nf6 7. dxc5 Bxc5 8. Bd3 Qe7+ 9. Ne2 O-O 10. O-O Bg4 11. Nc3 Nd4 12. Be2 Nxe2+ 13. Nxe2 Rae8 14. Nc3 Qd7 15. Bg5 Qf5 16. Bxf6 Qxf6 17. Nxd5 Qxb2 18. h3 Bxf3 19. Qxf3 Qe5 20. Rfe1 Qxe1+ 21. Rxe1 Rxe1+ 22. Kh2 Rfe8 23. Qg4 R8e6 24. Nc7 Bd6+ 25. g3 Bxc7 26. Qc4 Bxg3+ 27. fxg3 R6e2+ 28. Qxe2 Rxe2+ 29. Kg1 Rxc2 30. a4 a5 31. Kf1 f5 32. Ke1 g5 33. Kd1 Rh2 34. g4 f4 35. Kc1 Kf7 36. Kb1 Ke6 37. Kc1 Kd5 38. Kd1 Kd4 39. Kc1 Kd3 40. Kd1 Rh1# 0-1

[Event "4NCL Online Division 5"]
[Site "online"]
[Date "2021.09.21"]
[EventDate "2021.09.21"]
[Round "3.91"]
[White "Kosznik, Dariusz"]
[WhiteElo "1867"]
[WhiteTeam "Dundee City C"]
[Black "Hutton, Allan"]
[BlackElo "1549"]
[BlackTeam "Hertford 3"]
[Result "0-1"]
[PlyCount "180"]

1. e4 c6 2. d4 d5 3. Nc3 dxe4 4. Nxe4 Bf5 5. Ng3 Bg6 6. h4 h6 7. Nf3 Nd7 8. h5 Bh7 9. Bd3 Bxd3 10. Qxd3 Ngf6 11. Bd2 e6 12. O-O-O Qc7 13. Kb1 Bd6 14. Ne4 Nxe4 15. Qxe4 Nf6 16. Qe2 Bf4 17. Bxf4 Qxf4 18. Ne5 Qe4 19. Qc4 Qd5 20. Qb4 Qb5 21. Qa3 a5 22. Qg3 O-O 23. Qh4 a4 24. g4 Ne4 25. Rd3 a3 26. b3 Qb4 27. f4 f6 28. Nf3 Rad8 29. Qe1 Qxe1+ 30. Rxe1 Nf2 31. Rde3 Nxg4 32. Rxe6 Rd5 33. c4 Rxh5 34. Re7 Rf7 35. Re8+ Rf8 36. Kc2 Rf5 37. Nh4 Rh5 38. Nf3 Rh3 39. Nd2 h5 40. R8e2 g6 41. c5 Rh2 42. Rxh2 Nxh2 43. Re2 Ng4 44. Nc4 h4 45. Nd6 h3 46. Re1 Nf2 47. Ne4 Nxe4 48. Rxe4 h2 49. Re1 Kf7 50. Rh1 Rh8 51. Kd3 Ke6 52. Ke4 g5 53. f5+ Kd7 54. Kf3 Kc7 55. Kg2 b6 56. cxb6+ Kxb6 57. Rxh2 Rxh2+ 58. Kxh2 Kb5 59. Kg3 Kb4 60. Kf3 Kc3 61. Ke3 Kb2 62. d5 cxd5 63. b4 Kxa2 64. b5 Kb1 65. b6 a2 66. b7 a1=Q 67. b8=Q+ Qb2 68. Qd6 Qc3+ 69. Ke2 Qc2+ 70. Ke1 Qxf5 71. Qb4+ Kc2 72. Qa4+ Kc3 73. Qa3+ Kd4 74. Qb2+ Ke4 75. Qe2+ Kf4 76. Qf2+ Ke5 77. Qb2+ d4 78. Qb5+ Kf4 79. Qf1+ Ke5 80. Qb5+ Kf4 81. Qf1+ Kg4 82. Qg2+ Kh5 83. Qe2+ Kg6 84. Qe8+ Kh6 85. Qf8+ Kh5 86. Qe8+ Qg6 87. Qe2+ Kh6 88. Kd2 Qf5 89. Qh2+ Kg6 90. Kd1 Qb1+ 0-1

[Event "4NCL Online Division 5"]
[Site "online"]
[Date "2021.09.21"]
[EventDate "2021.09.21"]
[Round "3.92"]
[White "Zsibrita, Steve"]
[WhiteElo "1496"]
[WhiteTeam "Hertford 3"]
[Black "Mooney, Graham"]
[BlackTitle "CM"]
[BlackElo "1880"]
[BlackTeam "Dundee City C"]
[Result "0-1"]
[PlyCount "84"]

1. d4 d6 2. Bf4 Nf6 3. Nc3 g6 4. Qd2 Bf5 5. f3 c6 6. O-O-O a5 7. e4 Bc8 8. Bh6 Bxh6 9. Qxh6 b5 10. d5 b4 11. Nb1 cxd5 12. exd5 Qc7 13. Bb5+ Bd7 14. Bxd7+ Nbxd7 15. a3 Rc8 16. Qd2 Nxd5 17. Re1 N7f6 18. Ne2 Qc4 19. Nd4 Rc7 20. b3 Qc5 21. a4 Nc3 22. Nb5 Nxb5 23. axb5 O-O 24. h4 Rfc8 25. Re2 Qxb5 26. Qd1 Nh5 27. Rhe1 Nf4 28. c4 bxc3 29. Kc2 Nxe2 30. Rxe2 Qf5+ 31. Re4 h5 32. Qd3 d5 33. Rd4 Qxd3+ 34. Rxd3 e6 35. Na3 Rc5 36. f4 Kg7 37. Rd4 f6 38. b4 e5 39. fxe5 fxe5 40. bxc5 exd4 41. Kd3 Rxc5 42. Kxd4 c2 0-1

[Event "4NCL Online Division 5"]
[Site "online"]
[Date "2021.09.21"]
[EventDate "2021.09.21"]
[Round "3.93"]
[White "Anderson, James"]
[WhiteElo "1630"]
[WhiteTeam "Dundee City C"]
[Black "Humeniuk, Michael"]
[BlackElo "1515"]
[BlackTeam "Hertford 3"]
[Result "1/2-1/2"]
[PlyCount "145"]

1. d4 d5 2. Bg5 Nc6 3. e3 h6 4. Bh4 Bf5 5. a3 Qd7 6. Bd3 Bxd3 7. cxd3 e6 8. Nf3 Be7 9. Bg3 Nf6 10. h3 O-O 11. Nbd2 Rac8 12. O-O a6 13. Rc1 Bd6 14. Ne5 Bxe5 15. dxe5 Nh7 16. d4 Ne7 17. b4 c6 18. Nb3 b6 19. Qd3 Ra8 20. Rc2 f5 21. Rfc1 Ng5 22. f3 Rfc8 23. Rc3 Qe8 24. h4 Nf7 25. f4 Nd8 26. Qe2 Qg6 27. Qf3 h5 28. Qf2 Ra7 29. Nd2 Nf7 30. Nf3 Nh6 31. Ng5 Ng4 32. Qe2 b5 33. Be1 Rac7 34. Rc5 Kf8 35. g3 Ng8 36. Kg2 Qe8 37. R1c3 g6 38. Qc2 N8h6 39. Nh7+ Kg7 40. Ng5 Nf7 41. Nf3 Qd7 42. Nd2 Nd8 43. Nb3 Nb7 44. Bd2 Nxc5 45. Nxc5 Qe8 46. Nb3 Qe7 47. Na5 Qe8 48. Qd3 Ra7 49. Rc2 Kf7 50. Qc3 Rac7 51. Qc5 Qe7 52. Qb6 Qe8 53. Nb7 Qe7 54. Nd6+ Kg7 55. Nxc8 Rxc8 56. Rxc6 Rxc6 57. Qxc6 Kf7 58. Kf3 Nh2+ 59. Ke2 Qa7 60. Qc8 Qe7 61. Qh8 Ng4 62. Qh7+ Ke8 63. Qxg6+ Qf7 64. Qxf7+ Kxf7 65. Kd3 Nf2+ 66. Kc3 Ne4+ 67. Kc2 Nxg3 68. Kb3 Ne4 69. Be1 Ke7 70. a4 Kd7 71. axb5 axb5 72. Kc2 Kc6 73. Kd3 1/2-1/2

[Event "4NCL Online Division 5"]
[Site "online"]
[Date "2021.09.21"]
[EventDate "2021.09.21"]
[Round "3.94"]
[White "Lynch, Mark"]
[WhiteElo "1419"]
[WhiteTeam "Hertford 3"]
[Black "Flood, Raymond"]
[BlackElo "1623"]
[BlackTeam "Dundee City C"]
[Result "0-1"]
[PlyCount "112"]

1. d4 Nf6 2. Bf4 g6 3. Nc3 Bg7 4. e4 d6 5. e5 Nfd7 6. Nf3 c5 7. exd6 cxd4 8. Nxd4 O-O 9. Bc4 e5 10. Ndb5 exf4 11. Nc7 Nb6 12. Bb3 Na6 13. Nxa8 Re8+ 14. Kf1 Nxa8 15. Qd5 Be6 16. Qxb7 Nc5 17. Qxa7 Nxb3 18. cxb3 Qxd6 19. Qa4 Bd7 20. Rd1 Qxd1+ 21. Nxd1 Bxa4 22. bxa4 Nb6 23. b3 Nd5 24. a3 Rc8 25. h4 Rc1 26. Ke2 Nc3+ 27. Kd2 Ra1 28. Re1 Rxd1+ 29. Rxd1 Nxd1 30. Kxd1 Bb2 31. b4 Bxa3 32. b5 Bc5 33. f3 Kf8 34. Kc2 Ke8 35. Kd3 f5 36. a5 Kd7 37. a6 Kc7 38. Kc4 Kd6 39. Kb3 Kd5 40. Kc3 Bb6 41. Kb4 h6 42. Kc3 Kc5 43. Kb3 Kxb5 44. Kc3 Kxa6 45. Kc4 Bd8 46. Kd5 Bxh4 47. Ke6 Kb6 48. Kf7 g5 49. Kg6 Bg3 50. Kxf5 Kc5 51. Kg6 Kd4 52. Kxh6 Ke3 53. Kxg5 Kf2 54. Kg4 Kxg2 55. Kf5 Kxf3 56. Kg5 Kg2 0-1

[Event "4NCL Online Division 5"]
[Site "online"]
[Date "2021.09.21"]
[EventDate "2021.09.21"]
[Round "3.101"]
[White "Cule, Jurica"]
[WhiteElo "1547"]
[WhiteTeam "Guildford Castles 3"]
[Black "Ross, David C"]
[BlackElo "1741"]
[BlackTeam "War & Piece Nimrod"]
[Result "0-1"]
[PlyCount "32"]

1. d4 Nf6 2. c4 c5 3. Nf3 g6 4. Bg5 Bg7 5. e3 cxd4 6. exd4 O-O 7. Be2 d5 8. c5 b6 9. b4 bxc5 10. bxc5 Nc6 11. Be3 Ne4 12. O-O e5 13. Bb5 exd4 14. Bxc6 dxe3 15. Bxa8 exf2+ 16. Kh1 Ba6 0-1

[Event "4NCL Online Division 5"]
[Site "online"]
[Date "2021.09.21"]
[EventDate "2021.09.21"]
[Round "3.102"]
[White "Glover, John"]
[WhiteElo "1678"]
[WhiteTeam "War & Piece Nimrod"]
[Black "Moreno Serrano, Carlos"]
[BlackElo "1521"]
[BlackTeam "Guildford Castles 3"]
[Result "1-0"]
[PlyCount "97"]

1. Nf3 Nf6 2. c4 d6 3. d4 g6 4. g3 Bg7 5. Bg2 O-O 6. O-O Nbd7 7. Nc3 h6 8. h3 e5 9. e4 Qe7 10. Be3 Nh7 11. Qc2 f5 12. exf5 gxf5 13. Rae1 e4 14. Nh4 Rf6 15. Nd5 Qd8 16. Nxf6+ Qxf6 17. Rd1 c5 18. b3 Ng5 19. Qd2 Nf7 20. dxc5 Nxc5 21. Bd4 Qg5 22. Bxg7 Qxd2 23. Rxd2 Kxg7 24. Re1 Bd7 25. f3 Re8 26. fxe4 fxe4 27. Rde2 Nd3 28. Rf1 Ng5 29. Kh2 b6 30. Nf5+ Bxf5 31. Rxf5 Kg6 32. Rf1 a6 33. h4 Rh8 34. Bxe4+ Nxe4 35. Rxe4 Ne5 36. Kh3 h5 37. Ref4 Kg7 38. Rf6 Rd8 39. Re6 Ng4 40. Rf5 b5 41. cxb5 axb5 42. Rxh5 Nf2+ 43. Kg2 Ng4 44. Rxb5 d5 45. Rb7+ Kf8 46. Kf3 Nh2+ 47. Kf4 d4 48. Ree7 Re8 49. Red7 1-0